MARC

LEADER 00000nam0a2200000 4500
001 302703
005 20231102001529.0
020 |a RU  |b 79-44997 
035 |a (RuTPU)RU\TPU\book\327912 
090 |a 302703 
100 |a 20150826d1979 m y0rusy5003 ca 
101 0 |a rus 
102 |a RU 
105 |a a j 000zy 
200 1 |a Ремонт оборудования и аппаратуры распределительных устройств  |e учебное пособие  |f Г. С. Коротков, М. Я. Членов 
205 |a 2-е изд., перераб. и доп 
210 |a Москва  |c Высшая школа  |d 1979 
215 |a 271 с.  |c ил. 
225 1 |a Профтехобразование: Электрические сети и системы 
606 1 |a Электрические распределительные устройства  |x Ремонт  |2 stltpush  |3 (RuTPU)RU\TPU\subj\27387  |9 51151 
610 1 |a распределительная аппаратура 
610 1 |a распределительные устройства 
610 1 |a оборудование 
610 1 |a организация 
610 1 |a механизация 
610 1 |a ремонтные работы 
610 1 |a техника безопасности 
610 1 |a учебные пособия 
675 |a 621.316.37(075.32)  |z rus  |v 3 
700 1 |a Коротков  |b Г. С.  |g Георгий Сергеевич 
701 1 |a Членов  |b М. Я.  |g Михаил Яковлевич 
801 0 |a RU  |b RuMRKP  |c 19950704  |g psbo 
801 1 |a RU  |b 63413507  |c 20150826 
801 2 |a RU  |b 63413507  |c 20160608  |g RCR 
942 |c BK